|
|
|
|
| LEADER |
00983naa a2200229 i 4500 |
| 001 |
publ23462 |
| 005 |
20220209160853.0 |
| 008 |
220209s2021 hu o 0|| Magyar d |
| 020 |
|
|
|a 9789634148333
|
| 024 |
7 |
|
|a 32580872
|2 mtmt
|
| 040 |
|
|
|a SZTE Publicatio Repozitórium
|b hun
|
| 041 |
|
|
|a Magyar
|
| 100 |
1 |
|
|a Ferwagner Péter Ákos
|
| 245 |
1 |
3 |
|a Az V. Köztársaság algériai és afrikai politikája
|h [elektronikus dokumentum] /
|c Ferwagner Péter Ákos
|
| 260 |
|
|
|a L'Harmattan (Budapest); L'Harmattan Publishing
|b Budapest
|c 2021
|
| 300 |
|
|
|a 22
|
| 300 |
|
|
|a 209-230
|
| 490 |
0 |
|
|a A jelenkori Franciaország II. kötet - Tanulmányok a jelenkori Franciaországról
|
| 650 |
|
4 |
|a Történettudomány és régészet
|
| 700 |
0 |
2 |
|a J. Nagy László
|e aut
|
| 856 |
4 |
0 |
|u http://publicatio.bibl.u-szeged.hu/23462/1/AzV.koztarsasagalgeriaiesafrikaipolitikaja.pdf
|z Dokumentum-elérés
|
| 856 |
4 |
0 |
|u http://publicatio.bibl.u-szeged.hu/23462/7/32580872_c%C3%ADmlap_tartj.pdf
|z Dokumentum-elérés
|